<?xml version="1.0" encoding="UTF-8"?>
<record
    xmlns:xsi="http://www.w3.org/2001/XMLSchema-instance"
    xsi:schemaLocation="http://www.loc.gov/MARC21/slim http://www.loc.gov/standards/marcxml/schema/MARC21slim.xsd"
    xmlns="http://www.loc.gov/MARC21/slim">

  <leader>00549nam a22001337a 4500</leader>
  <datafield tag="040" ind1=" " ind2=" ">
    <subfield code="c">RUA</subfield>
  </datafield>
  <datafield tag="082" ind1=" " ind2=" ">
    <subfield code="a">AGR CHR 2017 B633 Or.1</subfield>
  </datafield>
  <datafield tag="100" ind1=" " ind2=" ">
    <subfield code="a">CHRORN NARY &#x1787;&#x17D2;&#x179A;&#x1793; &#x178E;&#x17B6;&#x179C;&#x17B8;</subfield>
  </datafield>
  <datafield tag="245" ind1=" " ind2=" ">
    <subfield code="a">comparison of hormon solution on plumeria flower &#x1794;&#x17D2;&#x179A;&#x17C0;&#x1794;&#x1792;&#x17C0;&#x1794;&#x179F;&#x17BC;&#x179B;&#x17B7;&#x1799;&#x179F;&#x17D2;&#x1799;&#x17BB;&#x1784;&#x17A2;&#x17D0;&#x1798;&#x17C9;&#x17BC;&#x1793;&#x179B;&#x17BE;&#x178A;&#x17B6;&#x17C6;&#x178E;&#x17B6;&#x17C6;&#x1795;&#x17D2;&#x1780;&#x17B6;&#x1785;&#x17C6;&#x1794;&#x17BB;&#x17B8; </subfield>
  </datafield>
  <datafield tag="260" ind1=" " ind2=" ">
    <subfield code="a">phnom penh</subfield>
    <subfield code="b">RUA</subfield>
    <subfield code="c">2017</subfield>
  </datafield>
  <datafield tag="300" ind1=" " ind2=" ">
    <subfield code="a">x;37p</subfield>
    <subfield code="b">ill;</subfield>
    <subfield code="c">29cm</subfield>
  </datafield>
  <datafield tag="856" ind1=" " ind2=" ">
    <subfield code="u">https://drive.google.com/file/d/1wdWuniAxlCFUrRMTQlf9qHLRMSxigUpf/view?usp=sharing</subfield>
  </datafield>
  <datafield tag="942" ind1=" " ind2=" ">
    <subfield code="c">AGR</subfield>
  </datafield>
  <datafield tag="999" ind1=" " ind2=" ">
    <subfield code="c">17925</subfield>
    <subfield code="d">17925</subfield>
  </datafield>
  <datafield tag="952" ind1=" " ind2=" ">
    <subfield code="0">0</subfield>
    <subfield code="1">0</subfield>
    <subfield code="2">ddc</subfield>
    <subfield code="4">0</subfield>
    <subfield code="6">AGR_CHR_2017_000000000000000_B633_OR_1</subfield>
    <subfield code="7">0</subfield>
    <subfield code="9">79080</subfield>
    <subfield code="a">LBB</subfield>
    <subfield code="b">LBB</subfield>
    <subfield code="c">B633</subfield>
    <subfield code="d">2019-06-24</subfield>
    <subfield code="o">AGR CHR 2017 B633 Or.1</subfield>
    <subfield code="p">A42487</subfield>
    <subfield code="r">2019-06-24</subfield>
    <subfield code="w">2019-06-24</subfield>
    <subfield code="y">AGR</subfield>
  </datafield>
  <datafield tag="952" ind1=" " ind2=" ">
    <subfield code="0">0</subfield>
    <subfield code="1">0</subfield>
    <subfield code="2">ddc</subfield>
    <subfield code="4">0</subfield>
    <subfield code="6">AGR_CHR_2017_000000000000000_B633_OR_2</subfield>
    <subfield code="7">0</subfield>
    <subfield code="9">79081</subfield>
    <subfield code="a">LBB</subfield>
    <subfield code="b">LBB</subfield>
    <subfield code="c">B633</subfield>
    <subfield code="d">2019-06-24</subfield>
    <subfield code="o">AGR CHR 2017 B633 Or.2</subfield>
    <subfield code="p">A42327</subfield>
    <subfield code="r">2019-06-24</subfield>
    <subfield code="w">2019-06-24</subfield>
    <subfield code="y">AGR</subfield>
  </datafield>
  <datafield tag="952" ind1=" " ind2=" ">
    <subfield code="0">0</subfield>
    <subfield code="1">0</subfield>
    <subfield code="2">ddc</subfield>
    <subfield code="4">0</subfield>
    <subfield code="6">AGR_CHR_2017_000000000000000_B633_OR_4</subfield>
    <subfield code="7">0</subfield>
    <subfield code="9">79082</subfield>
    <subfield code="a">LBB</subfield>
    <subfield code="b">LBB</subfield>
    <subfield code="c">B633</subfield>
    <subfield code="d">2019-06-24</subfield>
    <subfield code="o">AGR CHR 2017 B633 Or.4</subfield>
    <subfield code="p">A42164</subfield>
    <subfield code="r">2019-06-24</subfield>
    <subfield code="w">2019-06-24</subfield>
    <subfield code="y">AGR</subfield>
  </datafield>
  <datafield tag="952" ind1=" " ind2=" ">
    <subfield code="0">0</subfield>
    <subfield code="1">0</subfield>
    <subfield code="2">ddc</subfield>
    <subfield code="4">0</subfield>
    <subfield code="6">AGR_CHR_2017_000000000000000_B633_OR_3</subfield>
    <subfield code="7">0</subfield>
    <subfield code="9">79083</subfield>
    <subfield code="a">LBB</subfield>
    <subfield code="b">LBB</subfield>
    <subfield code="c">B633</subfield>
    <subfield code="d">2019-06-24</subfield>
    <subfield code="o">AGR CHR 2017 B633 Or.3</subfield>
    <subfield code="p">A42089</subfield>
    <subfield code="r">2019-06-24</subfield>
    <subfield code="w">2019-06-24</subfield>
    <subfield code="y">AGR</subfield>
  </datafield>
  <datafield tag="952" ind1=" " ind2=" ">
    <subfield code="0">0</subfield>
    <subfield code="1">0</subfield>
    <subfield code="2">ddc</subfield>
    <subfield code="4">0</subfield>
    <subfield code="6">AGR_CHR_2017_000000000000000_B633_OR_5</subfield>
    <subfield code="7">0</subfield>
    <subfield code="9">79084</subfield>
    <subfield code="a">LBB</subfield>
    <subfield code="b">LBB</subfield>
    <subfield code="c">B633</subfield>
    <subfield code="d">2019-06-24</subfield>
    <subfield code="l">2</subfield>
    <subfield code="o">AGR CHR 2017 B633 Or.5</subfield>
    <subfield code="p">A43117</subfield>
    <subfield code="r">2019-12-04</subfield>
    <subfield code="s">2019-12-02</subfield>
    <subfield code="w">2019-06-24</subfield>
    <subfield code="y">AGR</subfield>
  </datafield>
  <datafield tag="952" ind1=" " ind2=" ">
    <subfield code="0">0</subfield>
    <subfield code="1">0</subfield>
    <subfield code="2">ddc</subfield>
    <subfield code="4">0</subfield>
    <subfield code="6">AGR_CHR_2017_000000000000000_B633_OR_6</subfield>
    <subfield code="7">0</subfield>
    <subfield code="9">79085</subfield>
    <subfield code="a">LBB</subfield>
    <subfield code="b">LBB</subfield>
    <subfield code="c">B633</subfield>
    <subfield code="d">2019-06-24</subfield>
    <subfield code="o">AGR CHR 2017 B633 Or.6</subfield>
    <subfield code="p">A42266</subfield>
    <subfield code="r">2019-06-24</subfield>
    <subfield code="w">2019-06-24</subfield>
    <subfield code="y">AGR</subfield>
  </datafield>
</record>
